Mal's General Knowledge 37 - Statistics

General Stats
  • This quiz has been taken 63 times
    49 since last reset
  • The average score is 12 of 21
Answer Stats
Hint Answer % Correct
5)Who wrote the book '1984'? George Orwell
95%
7) What is the Northern Hemisphere equivalent of the Tropic of Capricorn? Tropic of Cancer
93%
11) What is the nearest country to the Island of Corsica? Italy
83%
1) Which Country in Africa is the largest in Area? Algeria
81%
4) Who composed the music for the 'Swan Lake' ballet? Pyotr (Peter) Ilyich Tchaikovsky
81%
8) What are the only mammals capable of true flight? Bats
74%
20) What does the 'A' stand for in the acronym NATO? Atlantic
71%
17) Which country consumes the most cigarettes? China
69%
6)The capital city of Ecuador is? Quito
67%
16) At 20 years and 4 months, who was the youngest ever Heavyweight Boxing Champion? Mike Tyson
62%
14) The highest mountain in North America at 6,190 m is? Mt. Denali
60%
3) What is the periodic symbol for tin? Sn
60%
2) What does a 'Viticulturist' grow? Grape Vines
57%
13) Which country has the World's 4th greatest population? Indonesia
57%
18) Which greenhouse gas has the chemical formula CH4? Methane
55%
15) Which European country has a flag that is Blue / Black and White? Estonia
48%
12a) The planet Mars has 2 moons, can you name both? Phobos
45%
12b) Deimos
40%
9) The Musical 'Cats' is based on the poem 'Old Possum's Book of Practical Cats' by who? T.S. Eliot
21%
19) The brightest star Sirius is located in which constellation? Canis Major
17%
10) Name the first robotic solar helicopter that operated on Mars? Ingenuity
0%
No matching quizzes found
Score Distribution
Percent of People with Each Score
Percentile by Number Answered
Your Score History
You have not taken this quiz since the last reset